| 000 | 00634nam a2200181Ia 4500 | ||
|---|---|---|---|
| 008 | 100920s9999 xx 000 0 und d | ||
| 082 |
_b39230 _a51 थ 78 |
||
| 100 | _aशेवडेगुरुजी रा.वा. | ||
| 245 | _aआता फक्त आठवणीच. | ||
| 260 |
_bशिवसंस्कार प्रकाशन, कोल्हापूर. _c1978 |
||
| 300 |
_a88 _bसाधी |
||
| 365 | _b6 | ||
| 520 | _aचरित्र. | ||
| 630 | _aआता फक्त आठवणीच. | ||
| 650 | _aचरित्र. | ||
| 730 | _aआता फक्त आठवणीच. | ||
| 942 | _cBOOK | ||
| 999 |
_c690976 _d690973 |
||